Największe miasta na podkarpaciu - Statystyki

Ogólne statystyki
  • Ten quiz został rozwiązany 124 razy
  • Średni wynik to 11 z 15
Statystyki odpowiedzi
Hint Odpowiedź % Poprawnych
Lud,196 638 tyś. Rzeszów
98%
Lud, 59 779 tyś. Przemyśl
92%
Lud, 45 944 tyś. Krosno
90%
Lud, 60 075 tyś. Mielec
84%
Lud, 59 623 tyś. Stalowa wola
81%
Lud, 34 542 tyś. Jasło
80%
Lud, 46 360 tyś. Tarnobrzeg
80%
Lud, 45 189 tyś. Dębica
77%
Lud, 36 999 tyś. Sanok
77%
Lud, 37 073 tyś. Jarosław
74%
Lud, 15 193 tyś. Nisko
58%
Lud, 17 675 tyś. Łańcut
57%
Lud, 13 585 tyś. Leżajsk
54%
Lud, 15 864 tyś. Ropczyce
52%
Lud, 15 105 tyś. Przeworsk
48%
Nie znaleziono quizów pasujących do podanych kryteriów
Rozkład punktacji
Procent ludzi z każdym wynikiem
Percentyl według liczby udzielonych odpowiedzi
Twoja historia wyników
Nie rozwiązałeś tego quizu